Largest U.S. Cities Beginning With P - 1950 - Statistics

General Stats
  • This quiz has been taken 57 times
  • The average score is 13 of 20
Answer Stats
Pop. State Hint Answer % Correct
2,071,605 Pennsylvania Home of the cheesesteak Philadelphia
98%
676,806 Pennsylvania Has a whopping 446 bridges Pittsburgh
98%
106,818 Arizona One of the hottest major cities in the U.S. Phoenix
94%
373,628 Oregon Smallest city park in the world (2 feet across!) Portland
94%
77,634 Maine Namesake of the Oregon city on this quiz Portland
94%
248,674 Rhode Island State Capital Providence
90%
63,685 Colorado Spanish for "town" Pueblo
82%
111,856 Illinois "Will it play in _?" Peoria
80%
104,577 California There's a Beach Boys song about a little old lady from here Pasadena
67%
139,336 New Jersey "Silk City" Paterson
67%
43,479 Florida Beach town in the Florida panhandle Pensacola
61%
80,039 Virginia Neighbor of Norfolk Portsmouth
61%
81,436 Rhode Island Birthplace of the American Industrial Revolution Pawtucket
55%
41,023 New York Located on the Hudson River Poughkeepsie
55%
73,681 Michigan Named after an Ottawa chief Pontiac
41%
57,702 New Jersey Nicknamed "The Birthplace of Television" Passaic
35%
53,348 Massachusetts Western Massachusetts Pittsfield
31%
41,330 New Jersey Site of the first signing of the Bill of Rights Perth Amboy
27%
57,530 Texas Oil Refining Port Arthur
20%
42,366 New Jersey Hometown of The Parliaments Plainfield
14%
No matching quizzes found
Score Distribution
Percent of People with Each Score
Percentile by Number Answered
Your Score History
You have not taken this quiz